000 00402 a2200157 4500
005 20250625131222.0
020 _a978-0-07-319339
082 _a302 HYB
100 _aHYBELS, S
245 _aCommunicating Effectively
250 _a8th Ed.
260 _aBoston
_bMcGraw-Hill
_c2007.
300 _axx, 417p. : ill. ; pictures
_bGlossary and Index
_c25cm
700 _aRichard L. Weaver
942 _2ddc
_cBKS
999 _c5063
_d5063